<?xml version="1.0" encoding="UTF-8"?>
<record
    xmlns:xsi="http://www.w3.org/2001/XMLSchema-instance"
    xsi:schemaLocation="http://www.loc.gov/MARC21/slim http://www.loc.gov/standards/marcxml/schema/MARC21slim.xsd"
    xmlns="http://www.loc.gov/MARC21/slim">

  <leader>00410nam a22001697a 4500</leader>
  <controlfield tag="005">20160530095028.0</controlfield>
  <controlfield tag="008">160530b        xxu||||| |||| 00| 0 eng d</controlfield>
  <datafield tag="020" ind1=" " ind2=" ">
    <subfield code="a">9971-51-386-2</subfield>
  </datafield>
  <datafield tag="041" ind1=" " ind2=" ">
    <subfield code="a">eng</subfield>
  </datafield>
  <datafield tag="082" ind1=" " ind2=" ">
    <subfield code="b">5895</subfield>
  </datafield>
  <datafield tag="100" ind1=" " ind2=" ">
    <subfield code="a">Craig, C. Samuel &amp; Dongles Susan P</subfield>
    <subfield code="9">1474</subfield>
  </datafield>
  <datafield tag="245" ind1=" " ind2=" ">
    <subfield code="a">International Marketing Research</subfield>
  </datafield>
  <datafield tag="260" ind1=" " ind2=" ">
    <subfield code="b">John Willy</subfield>
  </datafield>
  <datafield tag="300" ind1=" " ind2=" ">
    <subfield code="a">403</subfield>
  </datafield>
  <datafield tag="650" ind1=" " ind2=" ">
    <subfield code="a">Management</subfield>
    <subfield code="9">241</subfield>
  </datafield>
  <datafield tag="942" ind1=" " ind2=" ">
    <subfield code="c">BK</subfield>
  </datafield>
  <datafield tag="999" ind1=" " ind2=" ">
    <subfield code="c">2090</subfield>
    <subfield code="d">2089</subfield>
  </datafield>
  <datafield tag="952" ind1=" " ind2=" ">
    <subfield code="0">0</subfield>
    <subfield code="1">0</subfield>
    <subfield code="4">0</subfield>
    <subfield code="7">0</subfield>
    <subfield code="8">MANAGEMENT</subfield>
    <subfield code="a">JRU</subfield>
    <subfield code="b">JRU</subfield>
    <subfield code="c">SHELF-71-C</subfield>
    <subfield code="d">2016-05-30</subfield>
    <subfield code="g">302.25</subfield>
    <subfield code="l">0</subfield>
    <subfield code="o">5895</subfield>
    <subfield code="p">5895</subfield>
    <subfield code="r">2016-05-30 00:00:00</subfield>
    <subfield code="w">2016-05-30</subfield>
    <subfield code="y">BK</subfield>
  </datafield>
  <datafield tag="952" ind1=" " ind2=" ">
    <subfield code="0">0</subfield>
    <subfield code="1">0</subfield>
    <subfield code="4">0</subfield>
    <subfield code="7">0</subfield>
    <subfield code="8">MANAGEMENT</subfield>
    <subfield code="a">JRU</subfield>
    <subfield code="b">JRU</subfield>
    <subfield code="c">SHELF-71-C</subfield>
    <subfield code="d">2016-05-30</subfield>
    <subfield code="g">302.25</subfield>
    <subfield code="l">2</subfield>
    <subfield code="m">1</subfield>
    <subfield code="o">658.83</subfield>
    <subfield code="p">5896</subfield>
    <subfield code="r">2024-05-15 15:52:11</subfield>
    <subfield code="s">2024-04-16</subfield>
    <subfield code="w">2016-05-30</subfield>
    <subfield code="y">BK</subfield>
  </datafield>
  <datafield tag="952" ind1=" " ind2=" ">
    <subfield code="0">0</subfield>
    <subfield code="1">0</subfield>
    <subfield code="4">0</subfield>
    <subfield code="7">0</subfield>
    <subfield code="8">MANAGEMENT</subfield>
    <subfield code="a">JRU</subfield>
    <subfield code="b">JRU</subfield>
    <subfield code="c">SHELF-71-C</subfield>
    <subfield code="d">2016-05-30</subfield>
    <subfield code="g">302.25</subfield>
    <subfield code="l">0</subfield>
    <subfield code="o">5895</subfield>
    <subfield code="p">5897</subfield>
    <subfield code="r">2016-05-30 00:00:00</subfield>
    <subfield code="w">2016-05-30</subfield>
    <subfield code="y">BK</subfield>
  </datafield>
  <datafield tag="952" ind1=" " ind2=" ">
    <subfield code="0">0</subfield>
    <subfield code="1">0</subfield>
    <subfield code="4">0</subfield>
    <subfield code="7">0</subfield>
    <subfield code="8">REF</subfield>
    <subfield code="a">JRU</subfield>
    <subfield code="b">MAIN</subfield>
    <subfield code="c">SHELF-28-J</subfield>
    <subfield code="d">2016-05-30</subfield>
    <subfield code="g">302.25</subfield>
    <subfield code="l">0</subfield>
    <subfield code="o">5895</subfield>
    <subfield code="p">5898</subfield>
    <subfield code="r">2016-05-30 00:00:00</subfield>
    <subfield code="w">2016-05-30</subfield>
    <subfield code="y">BK</subfield>
  </datafield>
  <datafield tag="952" ind1=" " ind2=" ">
    <subfield code="0">0</subfield>
    <subfield code="1">0</subfield>
    <subfield code="4">0</subfield>
    <subfield code="7">0</subfield>
    <subfield code="8">MANAGEMENT</subfield>
    <subfield code="a">JRU</subfield>
    <subfield code="b">JRU</subfield>
    <subfield code="c">SHELF-71-C</subfield>
    <subfield code="d">2016-05-30</subfield>
    <subfield code="g">302.25</subfield>
    <subfield code="l">0</subfield>
    <subfield code="o">5895</subfield>
    <subfield code="p">5899</subfield>
    <subfield code="r">2016-05-30 00:00:00</subfield>
    <subfield code="w">2016-05-30</subfield>
    <subfield code="y">BK</subfield>
  </datafield>
  <datafield tag="952" ind1=" " ind2=" ">
    <subfield code="0">0</subfield>
    <subfield code="1">0</subfield>
    <subfield code="4">0</subfield>
    <subfield code="7">0</subfield>
    <subfield code="8">MANAGEMENT</subfield>
    <subfield code="a">JRU</subfield>
    <subfield code="b">JRU</subfield>
    <subfield code="c">SHELF-71-C</subfield>
    <subfield code="d">2016-05-30</subfield>
    <subfield code="g">302.25</subfield>
    <subfield code="l">0</subfield>
    <subfield code="o">5895</subfield>
    <subfield code="p">5900</subfield>
    <subfield code="r">2016-05-30 00:00:00</subfield>
    <subfield code="w">2016-05-30</subfield>
    <subfield code="y">BK</subfield>
  </datafield>
</record>
